[Event "7th Cup IM"]
[Site "Paks HUN"]
[Date "2003.11.26"]
[Round "8"]
[White "Videki,S"]
[Black "Pap,G"]
[Result "1/2-1/2"]
[WhiteElo "2430"]
[BlackElo "2233"]

1.c4 Nf6 2.Nc3 c5 3.Nf3 g6 4.e4 Bg7 5.d4 cxd4 6.Nxd4 Nc6 7.Be3 Ng4 8.Qxg4 Nxd4
9.Qd1 Nc6 10.Qd2 O-O 11.Be2 d6 12.O-O Be6 13.b3 Qa5 14.Rac1 Rac8 15.Rfd1 a6
16.f4 f5 17.exf5 Bxf5 18.Bf3 Kh8 19.Nd5 Qxd2 20.Rxd2 e5 21.Rcd1 Rce8 22.Nb6 exf4
23.Bxf4 Be4 24.Bxd6 Bxf3 25.Bxf8 Bxf8 26.gxf3 Bc5+ 27.Kf1 Bxb6 28.Rd7 Rb8
29.R1d5 Be3 30.Rf7 b5 31.Rc7 Nd4 32.Re7 Nf5 33.Rxf5 gxf5 34.Rxe3 bxc4 35.bxc4 Rb2
36.Rc3 Rxa2 37.c5 Rb2 38.c6 Rb8 39.Ra3 Rb6 40.Rc3 Rb8 41.Rc5 Rc8 42.Ke2 Kg7
43.Ke3 Kf6 44.c7 Ke7 45.Rc6 a5 46.Kf4 a4 47.Kxf5 a3 48.f4 a2 49.Ra6 Rxc7
50.Rxa2 Rc5+ 51.Ke4 Kf6 52.Ra6+ Kf7 53.Ra7+ Kf6 54.Ra6+ Kf7 55.Rd6 Rh5 56.Rd2 Kf6
57.Rc2 Rh3 58.Rb2 Ke6 59.Rb6+ Kf7 60.Rb7+ Kf6 61.Rb6+ Kf7 62.Ke5 Rxh2 63.Rb7+ Kf8
64.Rb8+ Kf7 65.Rb7+ Kf8 66.f5 Rh6 67.Kf4 Kg8 68.Ke5 Ra6 69.f6 Ra1 70.Rg7+ Kf8
71.Rxh7  1/2-1/2

[Event "TCh-SWE 2003-4"]
[Site "Malmo SWE"]
[Date "2003.11.29"]
[Round "4"]
[White "Hedman,E"]
[Black "Lindeman,Sv"]
[Result "1/2-1/2"]
[WhiteElo "2318"]
[BlackElo "2230"]

1.Nf3 c5 2.c4 Nf6 3.Nc3 e6 4.g3 b6 5.Bg2 Bb7 6.O-O Be7 7.Re1 O-O 8.e4 d6
9.d4 cxd4 10.Nxd4 Qc8 11.Be3 Nc6 12.Rc1 Nxd4 13.Bxd4 Rd8 14.h3 Rb8 15.Qd2 Qd7
16.Qe2 Rbc8 17.a4 Bc6 18.Ra1 Qb7 19.f4 Re8 20.Bf2 Bf8 21.Nb5 Qb8 22.Nc3  1/2-1/2

[Event "TCh-SWE 2003-4"]
[Site "Malmo SWE"]
[Date "2003.11.30"]
[Round "5"]
[White "Nielsen,PH"]
[Black "Solozhenkin,E"]
[Result "1/2-1/2"]
[WhiteElo "2626"]
[BlackElo "2505"]

1.Nf3 Nf6 2.c4 b6 3.Nc3 c5 4.g3 Bb7 5.Bg2 g6 6.O-O Bg7 7.d4 cxd4 8.Qxd4 d6
9.Be3 Nbd7 10.Rfd1 Rc8 11.Rac1 O-O 12.Qh4 a6 13.b3 Rc7 14.Bh6 Qa8 15.Nd5 Nxd5
16.cxd5 Rxc1 17.Bxc1 Nf6 18.e4 Qc8 19.Nd4 Qc3 20.Bh6 Bxh6 21.Qxh6 Qb2 22.Qc1 Qxc1
23.Rxc1 Rc8 24.Rxc8+ Bxc8 25.Nc6 Kf8 26.f3 Ne8 27.Kf2 Nc7 28.Ke3 Bb7 29.Nd4 e6
30.dxe6 fxe6 31.f4 Ke7 32.h4 Ne8 33.Bh3 e5 34.fxe5 dxe5 35.Nf3 Nd6 36.Nxe5 Bxe4
37.Nc4 Bf5 38.Bf1 Nxc4+ 39.Bxc4 a5 40.Kd4 Bb1 41.a3 Kd6 42.g4 h6 43.g5 hxg5
44.hxg5 Bf5 45.Bd5  1/2-1/2

[Event "TCh-SWE 2003-4"]
[Site "Malmo SWE"]
[Date "2003.11.30"]
[Round "5"]
[White "Engqvist,T"]
[Black "Lundin,An"]
[Result "1-0"]
[WhiteElo "2355"]
[BlackElo "2238"]

1.Nf3 c5 2.c4 Nf6 3.Nc3 d5 4.cxd5 Nxd5 5.e4 Nb4 6.Bb5+ Bd7 7.a3 Bxb5 8.axb4 Bd3
9.bxc5 Nc6 10.Qa4 f6 11.b4 e5 12.b5 Nd4 13.b6+ Kf7 14.Nxd4 Qxd4 15.Qxd4 exd4
16.Nd5 Bxc5 17.Nc7 Rac8 18.bxa7 Bxa7 19.Rxa7 Rxc7 20.Ba3 Rhc8 21.Kd1 Ba6
22.Rxa6 bxa6 23.Ke2 Rb7 24.Ra1 Rb3 25.Bd6 Rc6 26.Bg3 Ke6 27.Ra4 d3+ 28.Ke3 f5
29.f3 g5 30.exf5+ Kxf5 31.Ra5+ Kg6 32.Kd4 Rb1 33.Bf2 Rh1 34.Be3 h6 35.Kd5 Rf6
36.Bd4 Rf5+ 37.Be5 Re1 38.Rxa6+ Kf7 39.Ra7+ Kg6 40.Rg7+ Kh5 41.g4+  1-0

[Event "VIII Mirko Srajber Mem"]
[Site "Subotica SCG"]
[Date "2003.12.06"]
[Round "9"]
[White "Benkovic,P"]
[Black "Colovic,A"]
[Result "1-0"]
[WhiteElo "2463"]
[BlackElo "2412"]

1.Nf3 c5 2.c4 Nf6 3.Nc3 e6 4.g3 d5 5.cxd5 exd5 6.d4 Nc6 7.Bg2 Be7 8.O-O O-O
9.Bf4 c4 10.Ne5 Be6 11.Nxc6 bxc6 12.b3 Qa5 13.Qc2 c5 14.bxc4 cxd4 15.cxd5 Nxd5
16.Nxd5 Bxd5 17.Bc7 Qb5 18.Qf5 Bc6 19.Qxb5 Bxb5 20.Bxa8 Rxa8 21.Rfe1 Bb4
22.Reb1 Bc3 23.Rxb5 Bxa1 24.Rd5 f6 25.Rd7 Re8 26.Kf1 Bc3 27.Bf4 a5 28.a4 Re6
29.Bd6 Bb4 30.Bxb4 axb4 31.Rb7 Rd6 32.Ke1 d3 33.Rxb4 dxe2 34.Kxe2 Rd5 35.Rb2 Kf7
36.Ra2 Ra5 37.Kd3 Ke6 38.Kc4 Kd6 39.Kb4 Rh5 40.a5 Kc7 41.h4 Kb7 42.Re2 g5
43.Re7+ Ka6 44.Re6+ Kb7 45.hxg5 fxg5 46.Re5 h6 47.f4 Kc6 48.fxg5 hxg5 49.Rc5+ Kb7
50.g4 Rh1 51.Rxg5 Rg1 52.Rg6 Ka7 53.a6 Rc1 54.Kb5 Rc2 55.Rg7+ Ka8 56.g5 Rc1
57.g6 Rg1 58.Kc5 Rg5+ 59.Kb6  1-0

[Event "TCh-CZE Extraliga 2003-4"]
[Site "Czech Rep CZE"]
[Date "2003.12.07"]
[Round "4"]
[White "Vokac,M"]
[Black "Laznicka,V"]
[Result "1/2-1/2"]
[WhiteElo "2462"]
[BlackElo "2437"]

1.c4 Nf6 2.Nf3 c5 3.Nc3 e6 4.g3 b6 5.Bg2 Bb7 6.O-O a6 7.Re1 Be7 8.e4 d6 9.d4 cxd4
10.Nxd4 Qc7 11.Be3 O-O 12.Rc1 Nbd7 13.b3 Rac8 14.f3 Rfe8 15.Nde2 Qb8 16.Nf4 Bc6
17.a4 Bf8 18.g4 Ne5 19.g5 Nfd7 20.Nh3 Nc5 21.Nf2 Ng6 22.b4 Nd7 23.f4 Ba8
24.Ne2 a5 25.bxa5 bxa5 26.Nd3 Nc5 27.Nxc5 dxc5 28.Rb1 Qc7 29.Qc2 Bd6 30.e5 Bf8
31.Bxa8 Rxa8 32.Qe4 Rad8 33.Rb7 Qc8 34.Rb5 Qc7 35.Rb7 Qc8 36.Rb5 Qc7 37.Reb1 Rd7
38.Rb7 Qc8 39.Rxd7 Qxd7 40.Nc3 Rd8 41.Rd1 Qe8 42.Rxd8 Qxd8 43.Kf2 h6 44.gxh6 Qh4+
45.Ke2 Qxh2+ 46.Kd3 gxh6 47.Qf3 h5 48.Ne4 Be7 49.Bd2 h4 50.Nf2 Qg1 51.Ke2 Kg7
52.Qh1 Qg3 53.Qf3 Qh2 54.Kf1 Bd8 55.Be3 Be7 56.Bd2 Bd8 57.Be3 Be7 58.Bd2  1/2-1/2

[Event "TCh-BEL 2003-4"]
[Site "Belgium BEL"]
[Date "2003.12.08"]
[Round "4"]
[White "Schebler,G"]
[Black "Van der Weide,K"]
[Result "1/2-1/2"]
[WhiteElo "2478"]
[BlackElo "2427"]

1.Nf3 c5 2.c4 Nf6 3.Nc3 b6 4.g3 Bb7 5.Bg2 g6 6.O-O Bg7 7.d4 cxd4 8.Qxd4 O-O
9.Qh4 d6 10.Bh6 Nbd7 11.b3 Rc8 12.Rac1 Re8 13.Bxg7 Kxg7 14.Qd4 Qc7 15.Ne1 Bxg2
16.Nxg2 Qc5 17.Qd2 Kg8 18.Ne3  1/2-1/2

[Event "VIII Mirko Srajber Mem"]
[Site "Subotica SCG"]
[Date "2003.12.08"]
[Round "11"]
[White "Benkovic,P"]
[Black "Lupulescu,C"]
[Result "0-1"]
[WhiteElo "2463"]
[BlackElo "2499"]

1.Nf3 Nf6 2.c4 c5 3.Nc3 d5 4.cxd5 Nxd5 5.e4 Nb4 6.Bc4 Nd3+ 7.Ke2 Nf4+ 8.Kf1 Ne6
9.Ne5 g6 10.Qa4+ Bd7 11.Bxe6 fxe6 12.Qc4 Bg7 13.Nxd7 Qxd7 14.Qxc5 Nc6 15.h4 O-O
16.Qg5 Qd3+ 17.Ke1 Bd4 18.f3 Nb4 19.h5 Nc2+ 20.Kd1 Bf2  0-1

[Event "2nd Subasic Mem"]
[Site "Zenica BIH"]
[Date "2003.12.09"]
[Round "6"]
[White "Dumpor,A"]
[Black "Rajkovic,Du"]
[Result "1-0"]
[WhiteElo "2364"]
[BlackElo "2449"]

1.c4 Nf6 2.Nc3 e6 3.Nf3 c5 4.g3 b6 5.Bg2 Bb7 6.O-O Be7 7.b3 d5 8.cxd5 Nxd5
9.Nxd5 Bxd5 10.Bb2 O-O 11.d4 Bf6 12.Re1 Be4 13.Ne5 Bxg2 14.Kxg2 Bxe5 15.dxe5 Qc7
16.Qc2 Nc6 17.Qe4 Rad8 18.Red1 Rd7 19.Kf1 Rfd8 20.Ke1 Rd5 21.f4 g6 22.Bc3 h5
23.h3 b5 24.Rd3 Rxd3 25.exd3 Rd5 26.Ke2 Nd4+ 27.Kf2 Qd8 28.Rd1 Nf5 29.a4 h4
30.g4 Ng3 31.Qe3 bxa4 32.bxa4 Qd7 33.Rd2 Qxa4 34.f5 exf5 35.e6 f4 36.exf7+ Kxf7
37.Qf3 Rd7 38.d4 g5 39.Qd3 Ke7 40.Qh7+ Kd8 41.Qh8+ Kc7 42.Qe5+ Kc8 43.Rb2 Rd6
44.Qxc5+ Qc6 45.Qxa7 Ne4+ 46.Kg1 Qc7 47.Qa8+ Kd7 48.Rb7  1-0

[Event "Attila Schneider Mem"]
[Site "Budapest HUN"]
[Date "2003.12.10"]
[Round "10"]
[White "Szilagyi,P"]
[Black "Harmon,C"]
[Result "1-0"]
[WhiteElo "2434"]
[BlackElo "2207"]

1.Nf3 Nf6 2.c4 b6 3.Nc3 c5 4.e4 d6 5.d4 cxd4 6.Nxd4 Bb7 7.Bd3 e6 8.Be3 Be7
9.Qe2 Nbd7 10.Rd1 a6 11.f4 Qc7 12.f5 Nc5 13.fxe6 fxe6 14.O-O Rc8 15.Bc2 O-O
16.Bf2 Rf7 17.b4 e5 18.Nf5 Ne6 19.Be3 Nf4 20.Bxf4 exf4 21.Bb3 Bf8 22.c5 dxc5
23.Bxf7+ Qxf7 24.Rxf4 Qc7 25.e5 cxb4 26.exf6 bxc3 27.Ne7+ Kh8 28.Qe6 Qc5+
29.Kh1 Bxe7 30.fxe7 Re8 31.Qd7 Rg8 32.e8=Q  1-0

[Event "FSIM December"]
[Site "Budapest HUN"]
[Date "2003.12.13"]
[Round "8"]
[White "Seel,C"]
[Black "Brustkern,J"]
[Result "1/2-1/2"]
[WhiteElo "2315"]
[BlackElo "2214"]

1.Nf3 Nf6 2.c4 c5 3.Nc3 b6 4.g3 Bb7 5.Bg2 e6 6.O-O Be7 7.Re1 d6 8.e4 a6 9.d4 cxd4
10.Nxd4 Qc7 11.Be3 Nbd7 12.Rc1 Rc8 13.f4  1/2-1/2

[Event "RUS-UKR Blitz g/3"]
[Site "bereg.ru INT"]
[Date "2003.12.14"]
[Round "6"]
[White "Miroshnichenko,E"]
[Black "Shipov,S"]
[Result "0-1"]
[WhiteElo "2571"]
[BlackElo "2589"]

1.Nf3 Nf6 2.c4 c5 3.Nc3 e6 4.g3 b6 5.Bg2 Bb7 6.O-O Be7 7.Re1 d6 8.e4 a6 9.d4 cxd4
10.Nxd4 Qc7 11.Be3 O-O 12.Rc1 Nbd7 13.f4 Rfe8 14.g4 Nc5 15.Bf2 g6 16.b4 Rad8
17.Qe2 Ncd7 18.e5 dxe5 19.fxe5 Nxe5 20.Bxb7 Nexg4 21.Bc6 Qxh2+ 22.Kf1 Nxf2
23.Qxf2 Qxf2+ 24.Kxf2 Rxd4 25.Bxe8 Nxe8 26.a3 Bh4+ 27.Ke3 Rxc4 28.Rg1 Nd6
29.Ne2 Re4+ 30.Kd3 Bf2 31.Rgf1 Re3+ 32.Kd2 Ne4+ 33.Kd1 Rd3+ 34.Kc2 Rd2+ 35.Kb3 Rxe2
36.Rc6 h5 37.Rd1 h4 38.Rd7 h3 39.Rcc7 Ng5 40.Rc8+ Kg7 41.Rc2 Rxc2 42.Kxc2 h2
43.Rd1 Bg1 44.Kb3 h1=Q  0-1

[Event "Christmas Open"]
[Site "Zadar CRO"]
[Date "2003.12.16"]
[Round "2"]
[White "Feletar,D"]
[Black "Franciskovic,B"]
[Result "1-0"]
[WhiteElo "2406"]
[BlackElo "2034"]

1.Nf3 Nf6 2.c4 c5 3.Nc3 e6 4.d4 cxd4 5.Nxd4 a6 6.e4 Qc7 7.Bd3 Be7 8.O-O d6
9.Be3 Nbd7 10.f4 O-O 11.Rc1 Re8 12.b3 b6 13.Bb1 Bb7 14.Qf3 Rac8 15.f5 Ne5
16.Qh3 exf5 17.Nxf5 Ng6 18.Bd4 Bd8 19.Qg3 Nxe4 20.Nxe4 Bxe4 21.Nxg7 Re7 22.Bxe4 Rxe4
23.Nf5 Bh4 24.Qd3 Rce8 25.Nh6+ Kf8 26.Nxf7 Qxf7 27.Rxf7+ Kxf7 28.g3 Bg5 29.Rf1+ Kg8
30.Bxb6 R4e6 31.Qd5 Ne5 32.Bd4 Bh6 33.Bxe5 dxe5 34.Rf6  1-0

[Event "Christmas Open"]
[Site "Zadar CRO"]
[Date "2003.12.18"]
[Round "5"]
[White "Kutuzovic,B"]
[Black "Franciskovic,B"]
[Result "1-0"]
[WhiteElo "2388"]
[BlackElo "2034"]

1.Nf3 Nf6 2.c4 c5 3.Nc3 b6 4.e4 d6 5.d4 cxd4 6.Nxd4 e6 7.g3 Bb7 8.Bg2 a6
9.O-O Qc7 10.Qe2 Be7 11.Be3 O-O 12.Rac1 Nbd7 13.f4 Rfd8 14.Nd5 exd5 15.cxd5 Qb8
16.Nc6 Bxc6 17.dxc6 Ra7 18.cxd7 Nxd7 19.Rcd1 Qc8 20.Rc1 Qb8 21.Rc2 a5 22.Rd1 Rc8
23.Rcd2 Nc5 24.Bd4 Ne6 25.Be3 Nc5 26.Qb5 Bf8 27.Bd4 Ne6 28.Bc3 Qc7 29.Rd5 h6
30.h3 Be7 31.Kh2 Bf8 32.e5 dxe5 33.Rd7 Qb8 34.Bxe5 Rxd7 35.Rxd7 Rc5 36.Qe2 Qc8
37.Rd2 b5 38.Bd5 Nc7 39.Be4 Qe6 40.b3 b4 41.Bd3 Rc1 42.Qe4 g6 43.Bc4 Qb6
44.Bd4 Qd6 45.Be3 Qf6 46.Bd4 Qd6 47.Qe5 Qxe5 48.Bxe5 Ne6 49.Kg2 Be7 50.Kf3 Kf8
51.Rd7 Rc2 52.Ra7 Rf2+ 53.Ke4 Rd2 54.Rxa5 Bd8 55.Ra8 Ke7 56.Ra7+ Rd7 57.Rxd7+ Kxd7
58.g4 f6 59.Bxe6+ Kxe6 60.f5+ gxf5+ 61.gxf5+ Kd7 62.Bf4 h5 63.Kd5 Be7 64.Be3 Kc7
65.Ke6 Bd8 66.Bd4 Kc6 67.Bxf6  1-0

[Event "Open"]
[Site "Pamplona ESP"]
[Date "2003.12.21"]
[Round "2"]
[White "Adla,D"]
[Black "Hernandorena de la Cruz,E"]
[Result "1-0"]
[WhiteElo "2484"]
[BlackElo "2069"]

1.c4 Nf6 2.Nf3 e6 3.Nc3 c5 4.g3 Nc6 5.Bg2 Be7 6.d4 cxd4 7.Nxd4 a6 8.O-O O-O
9.b3 Qc7 10.Bb2 d6 11.Rc1 Nxd4 12.Qxd4 Bd7 13.Rfd1 Bc6 14.Nd5 Bxd5 15.cxd5 Qd7
16.dxe6 fxe6 17.Qb6 Rab8 18.Rc7 Qd8 19.Bxf6 gxf6 20.Bxb7 Kh8 21.Rdc1 a5 22.Qb5  1-0

[Event "7th White Tower Open"]
[Site "Thessaloniki GRE"]
[Date "2003.12.24"]
[Round "6"]
[White "Argiroudis,S"]
[Black "Simeonidis,I"]
[Result "0-1"]
[WhiteElo "2219"]
[BlackElo "2340"]

1.Nf3 Nf6 2.c4 c5 3.Nc3 e6 4.d4 cxd4 5.Nxd4 Bb4 6.Qb3 Na6 7.a3 Be7 8.g3 b6
9.Bg2 Bb7 10.e4 O-O 11.O-O d6 12.Bg5 h6 13.Bxf6 Bxf6 14.Rfd1 Qb8 15.Ndb5 Nc5
16.Qc2 Be7 17.b4 Nd7 18.Qd2 Ne5 19.Nxd6 Rd8 20.c5 bxc5 21.bxc5 Nc4 22.Qe2 Nxd6
23.cxd6 Rxd6 24.Rab1 Rxd1+ 25.Qxd1 Qc7 26.Nb5 Qc5 27.Qc1 Rd8 28.Qxc5 Bxc5
29.Rc1 Bb6 30.e5 Bxg2 31.Kxg2 Rd2 32.Rc8+ Kh7 33.Nd6 Rxf2+ 34.Kh3 Kg6 35.Rc4 h5
36.Nc8 Ra2 37.a4 Bg1 38.g4 Rxh2+ 39.Kg3 h4+  0-1

[Event "North American Open"]
[Site "Las Vegas USA"]
[Date "2003.12.26"]
[Round "1"]
[White "Filippov,Va"]
[Black "Rowley,R"]
[Result "1-0"]
[WhiteElo "2630"]
[BlackElo "2291"]

1.Nf3 Nf6 2.c4 c5 3.Nc3 g6 4.d4 cxd4 5.Nxd4 Bg7 6.e4 d6 7.Be2 O-O 8.O-O Nc6
9.Be3 Nxd4 10.Bxd4 b6 11.Qd2 Bb7 12.f3 Qd7 13.Rfd1 Rfd8 14.Rac1 Bc6 15.b3 Qb7
16.Be3 a6 17.a4 a5 18.Nd5 Nxd5 19.cxd5 Bd7 20.Bb5 Rac8 21.Qd3 Rc7 22.Rxc7 Qxc7
23.Rc1 Qb8 24.Bxd7 Rxd7 25.Rc6  1-0

[Event "Open"]
[Site "Pamplona ESP"]
[Date "2003.12.27"]
[Round "8"]
[White "Adla,D"]
[Black "Vehi Bach,V"]
[Result "1/2-1/2"]
[WhiteElo "2484"]
[BlackElo "2405"]

1.c4 c5 2.Nf3 b6 3.Nc3 Nf6 4.e4 d6 5.d4 cxd4 6.Nxd4 Bb7 7.Bd3 Nbd7 8.Bc2 Rc8
9.b3 a6 10.Bb2 g6 11.Qe2 Bg7 12.Rd1 O-O 13.O-O Qc7 14.Bb1 e6 15.Ndb5 axb5
16.Nxb5 Qd8 17.Nxd6 Rc7 18.e5 Ne8 19.Nb5 Bc6 20.Nxc7 Qxc7 21.Rfe1 Qb7 22.Be4 Bxe4
23.Qxe4 Qa7 24.a4 Nc5 25.Qe3 Nc7 26.Rd6 Rc8 27.Bd4 Ne8 28.Bxc5 bxc5 29.Rd3 Qc7
30.f4 Bf8 31.Red1 Qb6 32.Rd7 Rb8 33.R1d3 Nc7 34.g4 Qc6 35.Qf3 Nd5 36.R7xd5 exd5
37.cxd5 Qb6 38.Kg2 Qb4 39.d6 c4 40.bxc4 Qxc4 41.a5 Qc2+ 42.Kh3 Rb2 43.Qg3 Qe2
44.Rf3 Ra2 45.f5 Rxa5 46.d7 Rd5 47.e6 fxe6 48.fxe6 Be7 49.Qb8+ Kg7 50.Rf7+ Kh6
51.Qf4+ Bg5 52.Rxh7+ Kxh7 53.Qf7+ Kh6 54.Qf8+ Kh7 55.Qf7+  1/2-1/2

[Event "33rd Rilton Cup"]
[Site "Stockholm SWE"]
[Date "2003.12.27"]
[Round "1"]
[White "Schlosser,P"]
[Black "Lappalainen,T"]
[Result "1-0"]
[WhiteElo "2560"]
[BlackElo "2194"]

1.Nf3 c5 2.c4 Nf6 3.Nc3 b6 4.d4 cxd4 5.Nxd4 Bb7 6.f3 a6 7.e4 d6 8.Be3 e6
9.Be2 Nbd7 10.O-O Be7 11.a4 O-O 12.a5 bxa5 13.Nb3 Qc7 14.Nxa5 Rfb8 15.Qd2 Bc6
16.Rfc1 Bf8 17.Nd5 Qc8 18.b4 Bb7 19.Nc3 Qc7 20.Na4 Rd8 21.Qe1 Rac8 22.c5 dxc5
23.Nxc5 Nxc5 24.bxc5 Ra8 25.Nxb7 Qxb7 26.Qa5  1-0

[Event "19th Winter Open"]
[Site "Nice FRA"]
[Date "2003.12.28"]
[Round "4"]
[White "Sulava,N"]
[Black "Milesi,L"]
[Result "1-0"]
[WhiteElo "2472"]
[BlackElo "2223"]

1.Nf3 c5 2.c4 Nf6 3.Nc3 d5 4.cxd5 Nxd5 5.e4 Nb4 6.Bb5+ N8c6 7.d4 cxd4 8.a3 Bd7
9.Nxd4 Nxd4 10.Bxd7+ Qxd7 11.axb4 e6 12.Be3 Rd8 13.O-O a6 14.Bxd4 Qxd4 15.Qa4+ Qd7
16.b5 Bc5 17.Rfd1 Bd4 18.e5 f6 19.exf6 O-O 20.Ne2 e5 21.Nxd4 exd4 22.bxa6 bxa6
23.fxg7 Rf6 24.Rd3 Kxg7 25.Rg3+ Kh8 26.Qxd7 Rxd7 27.Rd1 Rb6 28.b3 h6 29.h4 Rb4
30.Rdd3 Kh7 31.Kh2 Rf7 32.f3 Rf4 33.Kh3 h5 34.Rg5 Kh6 35.Rd5 Kg6 36.Kg3  1-0

[Event "33rd Rilton Cup"]
[Site "Stockholm SWE"]
[Date "2003.12.28"]
[Round "2"]
[White "Lobron,E"]
[Black "Franssila,T"]
[Result "1-0"]
[WhiteElo "2497"]
[BlackElo "2273"]

1.Nf3 c5 2.c4 Nf6 3.Nc3 d5 4.cxd5 Nxd5 5.e3 e6 6.d4 cxd4 7.exd4 Be7 8.Bd3 O-O
9.O-O Nc6 10.a3 Nxc3 11.bxc3 b6 12.Qe2 Bb7 13.Re1 Rc8 14.Qe4 g6 15.Qg4 Bf6
16.Bh6 Bg7 17.Bxg7 Kxg7 18.Rac1 Qd6 19.h4 h5 20.Qh3 Ne7 21.Ne5 Nf5 22.a4 Rc7
23.a5 Rfc8 24.axb6 axb6 25.Bxf5 exf5 26.Qd3 Qd5 27.Nf3 Qb3 28.Rb1 Qxc3 29.Qxc3 Rxc3
30.Ng5 R3c6 31.Re7 Rc1+ 32.Rxc1 Rxc1+ 33.Kh2 Bd5 34.Rd7 Ba2 35.d5 Rd1 36.Rxf7+ Kg8
37.Rf6 Bxd5 38.Rxg6+ Kh8 39.Rxb6 Rd4 40.Kh3 Rg4 41.f3 Ra4 42.Rf6 f4 43.Kh2 Kg7
44.Rf5 Bc6 45.Ne6+ Kg6 46.Rxf4 Ra2 47.Nd4 Bb7 48.Kg3 Rb2 49.Rf5 Bc8 50.Rg5+ Kh6
51.Rg8 Bd7 52.Rd8 Ba4 53.Rh8+ Kg6 54.Ne6 Kf5 55.Nf4  1-0

[Event "19th Winter Open"]
[Site "Nice FRA"]
[Date "2003.12.30"]
[Round "7"]
[White "Ribreau,H"]
[Black "Bujisho,B"]
[Result "1/2-1/2"]
[WhiteElo "2246"]
[BlackElo "2381"]

1.c4 c5 2.Nf3 Nf6 3.Nc3 g6 4.g3 Bg7 5.Bg2 O-O 6.O-O Nc6 7.d4 cxd4 8.Nxd4 Ng4
9.e3 d6 10.b3 Nge5 11.h3 Nxd4 12.exd4 Nc6 13.Be3 e5 14.dxe5 Bf5 15.Nd5 dxe5
16.Re1 Re8 17.Qd2 Be6 18.Kh2 Rb8 19.Rad1 Nd4 20.f4 Bxd5 21.cxd5 Nb5 22.a4 exf4
23.Bxf4 Rxe1 24.Qxe1 Nd6 25.Qb4 Bf8 26.Qd4 a6 27.Be5 Nf5 28.Qf4 Bd6 29.Rc1 Bxe5
30.Qxe5 Qd6 31.Qxd6 Nxd6 32.Rc7 Rd8 33.g4 g5 34.Kg3 Kf8 35.Kf3 Ke8 36.Ke3 Rd7
37.Rxd7 Kxd7 38.Be4 h6 39.Kd4 a5 40.Bd3 b6  1/2-1/2

[Event "Hilton Chess Festival"]
[Site "Basel SUI"]
[Date "2004.01.03"]
[Round "5"]
[White "Goldstern,F"]
[Black "Milosevic,G"]
[Result "0-1"]
[WhiteElo "2360"]
[BlackElo "2395"]

1.Nf3 c5 2.c4 Nf6 3.Nc3 e6 4.e3 d6 5.d4 cxd4 6.exd4 Be7 7.Bd3 O-O 8.O-O Nbd7
9.b3 b6 10.Bb2 Bb7 11.Re1 Re8 12.Rc1 Bf8 13.b4 a6 14.a3 g6 15.Rc2 Rc8 16.Bc1 Rc7
17.Bf4 Nh5 18.Be3 Qa8 19.Be2 Rec8 20.Qd2 b5 21.cxb5 axb5 22.Ra1 Nb6 23.Ne1 Nc4
24.Qc1 Nxe3 25.fxe3 Be4 26.Nxe4 Rxc2 27.Nxc2 Qxe4 28.Ra2 Bh6 29.Kh1 Bxe3
30.Qd1 Bf2 31.Bxb5 Qh4 32.g4 Rc3 33.Bd3 Nf4 34.Bf1 Rg3  0-1

[Event "Excelsior Cup"]
[Site "Goteborg SWE"]
[Date "2004.01.10"]
[Round "3"]
[White "Johannessen,LE"]
[Black "Hultin,J"]
[Result "1-0"]
[WhiteElo "2500"]
[BlackElo "2300"]

1.c4 Nf6 2.Nc3 c5 3.Nf3 g6 4.e4 Nc6 5.d4 cxd4 6.Nxd4 Bg7 7.Be3 Ng4 8.Qxg4 Nxd4
9.Qd1 Ne6 10.Rc1 Qa5 11.Bd3 g5 12.O-O Qe5 13.b4 b6 14.g3 Bb7 15.Nd5 Rg8 16.Kh1 Bh8
17.f4 gxf4 18.gxf4 Qb2 19.Rc2 Qg7 20.f5 Bxd5 21.cxd5 Nd8 22.Rg1 Qf8 23.Rxg8 Qxg8
24.Rg2  1-0

[Event "ch-Commonwealth"]
[Site "Mumbai IND"]
[Date "2004.01.13"]
[Round "4"]
[White "Michelakis,G"]
[Black "Fominyh,A"]
[Result "0-1"]
[WhiteElo "2432"]
[BlackElo "2559"]

1.c4 Nf6 2.Nf3 c5 3.Nc3 d5 4.cxd5 Nxd5 5.d4 Nxc3 6.bxc3 g6 7.Bg5 Bg7 8.Qd2 Bg4
9.Rb1 Nc6 10.Rxb7 Rb8 11.Rxb8 Qxb8 12.Qc2 O-O 13.e3 cxd4 14.exd4 Rc8 15.Qb3 Qc7
16.Bd3 e5 17.O-O Bxf3 18.gxf3 Nxd4 19.Qd5 Qc5 20.Qxc5 Rxc5 21.Be3 Nxf3+ 22.Kg2 Nd4
23.Rb1 Bf6 24.Rb7 Rxc3 25.Be4 Ra3 26.Bd5 Ne6 27.Bxa7 Nf4+ 28.Kf1 Nxd5 29.Rb8+ Kg7
30.Bc5 Nf4 31.Be3  0-1

[Event "TCh-SWE 2003-4"]
[Site "Malmo SWE"]
[Date "2004.01.17"]
[Round "6"]
[White "Eklund,LG"]
[Black "Hultin,J"]
[Result "0-1"]
[WhiteElo "2275"]
[BlackElo "2300"]

1.Nf3 Nf6 2.c4 c5 3.Nc3 g6 4.e4 Bg7 5.d4 cxd4 6.Nxd4 d6 7.Be2 O-O 8.O-O Nc6
9.Be3 Bd7 10.f3 Nxd4 11.Bxd4 a5 12.b3 Bc6 13.Qc2 Nd7 14.Be3 Nc5 15.Rad1 Qb6
16.Rfe1 a4 17.bxa4 Qa5 18.Bd2 Bxa4 19.Nxa4 Qxa4 20.Qxa4 Rxa4 21.Bg5 Re8 22.Bf1 Rxa2
23.Be3 Bc3 24.Re2 Rxe2 25.Bxe2 Ne6 26.Kf1 Ra8 27.Rb1 Bd4 28.Bh6 g5 29.g3 Ra1
30.Rxa1 Bxa1 31.f4 gxf4 32.Bxf4 Be5 33.Be3 Bd4 34.Bh6 Nc5 35.Bf3 Nd3 36.Be2 Nc5
37.Bf3 f6 38.Ke2 e6 39.Bd2 Be5 40.Be3 Nd7 41.Kd1 Kf7 42.Bh5+ Ke7 43.Kc2 Nb8
44.Kb3 Nc6 45.Ka4 Bd4 46.Bd2 Bg1 47.h3 Bf2 48.g4 Ne5 49.g5 Nxc4 50.gxf6+ Kxf6
51.Bc3+ Ke7 52.Kb5 Na3+ 53.Ka4 Bc5 54.Be2 Nc2 55.Bd3 Ne3 56.Kb5 e5 57.Be1 Ng2
58.Bg3 Kf6 59.Be2 Kg5 60.Bf3 Nf4 61.h4+ Kf6 62.Kc4 Ne6 63.Bg4 Nd4 64.Kd5 b6
65.Be1 b5 66.Bd2 b4 67.Bd1 b3 68.Bc3 Nc2 69.Bxe5+ dxe5 70.Kxc5 Nd4  0-1

[Event "TCh-SWE 2003-4"]
[Site "Malmo SWE"]
[Date "2004.01.17"]
[Round "6"]
[White "Hedman,E"]
[Black "Fors,T"]
[Result "1-0"]
[WhiteElo "2318"]
[BlackElo "2091"]

1.Nf3 c5 2.c4 Nf6 3.Nc3 e6 4.g3 b6 5.Bg2 Bb7 6.O-O Be7 7.Re1 d6 8.e4 a6 9.d4 cxd4
10.Nxd4 Qc7 11.Be3 Nbd7 12.Rc1 O-O 13.b3 Rac8 14.f4 Rfe8 15.Bf2 Bf8 16.f5 exf5
17.Nxf5 Nc5 18.Bd4 Qd8 19.b4 Ne6 20.Bxf6 Qxf6 21.Nxd6 Bxd6 22.Qxd6 Qd4+ 23.Qxd4 Nxd4
24.Na4 b5 25.Nc5 Bc6 26.Nxa6 f5 27.cxb5 Bxb5 28.Rxc8 Rxc8 29.Nc5 Nc2 30.Rb1 Ne3
31.Bf3 fxe4 32.Bxe4 Rd8 33.a4 Bc4 34.a5 Rd2 35.a6 Ra2 36.b5 Ng4 37.b6 Nf2
38.Bg2 Ng4 39.b7  1-0

[Event "TCh-SWE 2003-4"]
[Site "Malmo SWE"]
[Date "2004.01.17"]
[Round "6"]
[White "Madebrink,L"]
[Black "Olsson,L"]
[Result "1/2-1/2"]
[WhiteElo "2263"]
[BlackElo "2299"]

1.c4 Nf6 2.Nc3 c5 3.Nf3 d5 4.cxd5 Nxd5 5.g3 Nc6 6.Bg2 g6 7.O-O Bg7 8.Qb3 Nb6
9.d3 O-O 10.Qb5 Nd7 11.Bd2 a6 12.Qa4 Rb8 13.Qh4 e6 14.Bg5 f6 15.Bh6 Nde5
16.Bxg7 Kxg7 17.Nxe5 Nxe5 18.Rfd1 Qb6 19.b3 Bd7 20.d4 cxd4 21.Qxd4 Qxd4 22.Rxd4 Bc6
23.Bxc6 Nxc6 24.Rd7+ Rf7 25.Rad1 Re8 26.Ne4 Ree7 27.Rxe7  1/2-1/2

[Event "Open"]
[Site "Marianske Lazne CZE"]
[Date "2004.01.24"]
[Round "1"]
[White "Hruby,Va"]
[Black "Bernasek,J"]
[Result "0-1"]
[WhiteElo "1868"]
[BlackElo "2381"]

1.c4 Nf6 2.Nc3 c5 3.Nf3 b6 4.g3 Bb7 5.Bg2 g6 6.O-O Bg7 7.b3 O-O 8.Bb2 d5
9.cxd5 Nxd5 10.Qc1 Nc7 11.Na4 Nd7 12.Bxg7 Kxg7 13.d4 cxd4 14.Nxd4 Bxg2 15.Kxg2 Nf6
16.Rd1 Qc8 17.Qc6 Ncd5 18.Qxc8 Raxc8 19.Rac1 Rfd8 20.e3 e6 21.Nb2 b5 22.Ne2 Rxc1
23.Rxc1 Nxe3+ 24.fxe3 Rd2 25.Kf3 Rxb2 26.Ra1 Nd7 27.h4 Ne5+ 28.Kf2 f5 29.a4 b4
30.Rd1 Rxb3 31.Nd4 Rb2+ 32.Kf1 Ng4 33.Nxe6+ Kf6 34.Rd6 Ke5 35.Ra6 Nxe3+ 36.Ke1 b3
37.Nf4 Ke4 38.Rxa7 Kf3 39.Rxh7 Rh2 40.Nxg6 Re2+  0-1

[Event "TCh-AUT 2003-4"]
[Site "Velden AUT"]
[Date "2004.01.25"]
[Round "7"]
[White "Beim,V"]
[Black "Ftacnik,L"]
[Result "1-0"]
[WhiteElo "2518"]
[BlackElo "2582"]

1.c4 Nf6 2.Nf3 c5 3.Nc3 e6 4.e4 Nc6 5.Be2 d5 6.exd5 exd5 7.d4 Be6 8.Be3 dxc4
9.O-O cxd4 10.Nxd4 Nxd4 11.Bxd4 Qd7 12.Bxf6 Qxd1 13.Raxd1 gxf6 14.Nb5 Rc8
15.Bf3 Bc5 16.Bxb7 Rb8 17.Nc7+ Ke7 18.Bd5 Rxb2 19.Nxe6 fxe6 20.Bxc4 Rhb8
21.Bb3 Rb4 22.Rde1 e5 23.Rc1 Kd6 24.g3 a5 25.Rc3 e4 26.Rd1+ Bd4 27.Rc8 Ke5
28.Rd8 Bxf2+ 29.Kf1 Bb6 30.Re8+ Kf5 31.Rd5+ Kg6 32.Rg8+ Kh6 33.g4 Rxh2 34.g5+ Kh5
35.g6+ Kg4 36.gxh7+ Kf4 37.h8=Q Rxh8 38.Rxh8 a4 39.Bd1 Rb2 40.Rhh5 Ke3 41.Rh3+ Kf4
42.Bxa4 Rf2+ 43.Ke1 Rxa2 44.Bd7 Bf2+ 45.Kf1 e3 46.Rd4+ Ke5 47.Ra4 Rb2 48.Rh5+ Kd6
49.Ra6+  1-0

[Event "1st WinTV Open"]
[Site "Chennai IND"]
[Date "2004.01.28"]
[Round "9"]
[White "Srinivasa Rao,M"]
[Black "Gokhale,A"]
[Result "1-0"]
[WhiteElo "2335"]
[BlackElo "2218"]

1.c4 Nf6 2.Nf3 g6 3.Nc3 c5 4.g3 Bg7 5.Bg2 O-O 6.O-O Nc6 7.d4 cxd4 8.Nxd4 Nxd4
9.Qxd4 d6 10.Qd2 a6 11.b3 Rb8 12.Bb2 b5 13.Nd5 Nxd5 14.Bxg7 Kxg7 15.cxd5 b4
16.Rfc1 a5 17.Rc4 e5 18.dxe6 Qf6 19.Rd1 Bxe6 20.Rd4 Rfd8 21.Rxd6 Rxd6 22.Qxd6 Rc8
23.Qd2 Qc3 24.Be4 a4 25.bxa4 Qxd2 26.Rxd2 Rc1+ 27.Kg2 Ra1 28.Rb2 Rxa2 29.Rxa2 Bxa2
30.a5 Bc4 31.Kf3 b3 32.Ke3 b2 33.Bb1 Kf6 34.Kd2 h5 35.f4 g5 36.e4 h4 37.Kc3 Ba6
38.Kxb2 gxf4 39.gxf4 Kg6 40.Kc3 Kh5 41.Bd3 Bc8 42.Be2+  1-0